Restitución del cristianismo /

Bibliographic Details
Main Author: Servetus, Michael, 1511?-1553
Other Authors: Alcalá, Angel
Format: Book
Language:Spanish
Published: Madrid : Fundación Universitaria Española, 1980.
Series:Publicaciones de la Fundacion Universitaria Espanola. Clásicos olvidados ; 3.
Subjects:

MARC

Tag First Indicator Second Indicator Subfields
LEADER 00000cam a2200000 a 4500
001 in00002014261
005 20151031155957.0
008 820317s1980 sp af b 001 0 spa
010 |a  81115904  
020 |a 8473921550 
035 |a (OCoLC)ocm08345691 
040 |a DLC  |c DLC  |d TXA  |d UtOrBLW 
041 1 |a spa  |h lat 
049 |a TXAM 
050 0 0 |a BL2773  |b .S418 1980 
082 0 |a 230  |2 19 
100 1 |a Servetus, Michael,  |d 1511?-1553. 
240 1 0 |a Christianismi restitutio.  |l Spanish 
245 1 0 |a Restitución del cristianismo /  |c Miguel Servet ; primera traducción castellana de Angel Alcalá y Luis Betes ; edición, introducción y notas de Angel Alcalá. 
264 1 |a Madrid :  |b Fundación Universitaria Española,  |c 1980. 
300 |a 821 pages, 34 unnumbered pages of plates (1 folded) :  |b illustrations ;  |c 25 cm. 
336 |a text  |b txt  |2 rdacontent 
337 |a unmediated  |b n  |2 rdamedia 
338 |a volume  |b nc  |2 rdacarrier 
490 1 |a Publicaciones de la Fundación Universitaria Española : Clásicos olvidados ;  |v 3 
500 |a Translation of: Christianismi restitutio. 
504 |a Includes bibliographical references and index. 
536 |a From the Biblioteca Asensio, April 2004. 
650 0 |a Christianity  |v Controversial literature. 
700 1 |a Alcalá, Angel. 
830 0 |a Publicaciones de la Fundacion Universitaria Espanola.  |p Clásicos olvidados ;  |v 3. 
948 |a cataloged  |b h  |c 2005/1/6  |d c  |e dmitchel  |f 10:50:40 am 
994 |a E0  |b TXA 
999 |a MARS 
999 f f |s 12bf7954-4a37-3a92-b71e-36861cf41797  |i e725ef76-e9b6-3bc6-aec7-e069c4a5b35d  |t 0 
952 f f |p normal  |a Texas A&M University  |b College Station  |c Sterling C. Evans Library  |d Evans: Library Stacks  |t 0  |e BL2773 .S418 1980  |h Library of Congress classification  |i unmediated -- volume  |m A14831714697 
998 f f |a BL2773 .S418 1980  |t 0  |l Evans: Library Stacks